Statistics for Old English Click Quiz

Click here to take the quiz!

General Stats

  • This quiz has been taken 100 times
  • The average score is 7 of 16

Answer Stats

HintAnswer% Correct
BritchesPants
75%
YeartideSeason
75%
WayfareJourney
69%
WanderstarPlanet
58%
OvergiveSurrender
58%
AdderVenom
56%
WantsomePoor
47%
WortPlant
40%
LichCorpse
36%
AthelNoble
31%
SourstuffOxygen
31%
LeechDoctor
29%
WightCreature
27%
SoothReality
20%
WeasandOesophagus
15%
BilewitInnocent
7%

Score Distribution

Percentile by Number Answered

Percent of People with Each Score

Your Score History

You have not taken this quiz